00727nam a2200205 a 4500001001000000003000500010005001700015008004100032010001100073011001100084040000900095100002700104245015400131260004100285502007600326650003100402650002800433650003000461650003000491000110423CHAP20220329144132.0140827s2008 mx |rm |0|||||spa d a106885 a107857 cCHAP1 aMartínez Marzo, Sara10aPlan de manejo en el area forestal experimental Ing. Mario Avila Hernández "La Siberia", Texcoco (Estado de México) /cpor Sara Martínez Marzo. aChapingo, Méx. :bEl autor,c2008. aTesis (Ing. Agr. Esp. en Ingenieria de Montes) -- Universidad de Lleida14aBosquesxAdministración.14aBosquesxUtilización.14aBosqueszMéxico (Edo.).14aSilvicultura sustentable.